Statistics for Asian Countries With The Lowest HDI

Click here to take the quiz!

General Stats

  • This quiz has been taken 23 times
  • The average score is 18 of 18

Answer Stats

HDIAnswer% Correct
0.478Afghanistan
100%
0.661Bangladesh
100%
0.666Bhutan
100%
0.593Cambodia
100%
0.607East Timor
100%
0.692Kyrgyzstan
100%
0.607Laos
100%
0.585Myanmar
100%
0.602Nepal
100%
0.699Philippines
100%
0.685Tajikistan
100%
0.455Yemen
100%
0.633India
94%
0.705Indonesia
94%
0.686Iraq
94%
0.544Pakistan
94%
0.577Syria
94%
0.703Vietnam
89%

Score Distribution

Percentile by Number Answered

Percent of People with Each Score

Your Score History

You have not taken this quiz